01266nam a2200265 a 450000100060000000300080000600500170001400800410003103500190007204000310009104100080012208200200013011100800015024501790023026000630040930000190047250400400049165000650053165100690059671000320066594200120069799900170070995201310072695201430085728008BD-RjUL20211209051228.0140329r19751973xxu b 100 0 eng d a(BD-RjUL)28089 aUkOxUbengcUkOxUdBD-RjUL aeng a973.3bLIF 19752 aLibrary of Congress Symposia on the American Revolutiond1973)n(2d.98590710aFundamental Testaments of the American Revolution :bpapers presented at the second symposium, May 10 and 11, 1973 /cLibrary of Congress Symposia on the American Revolution. aWashington :bLibrary of Congress,c1973 [Reprinted 1975]. a119 p ;c24 cm aIncludes bibliographical references 0aPolitical sciencezUnited StatesxHistoryxCongresses985901 0aUnited StatesxHistoryyRevolution, 1775-1783xCongresses9857802 aLibrary of Congress.985902 2ddccBK c28008d28008 00102ddc40708NFICaRUCLbRUCLcStackd1976-07-10eUSIS, Dhakal0o973.3 LIF 1975r2014-03-29 00:00:00tC-2w2014-03-29yBK 00102ddc40728NFICaRUCLbRUCLcReadingd1976-07-10eU.S.I.S, Dacca, Gift.l0o973.3 LIF 1975r2014-04-03 00:00:00tC-1w2014-04-03yBK